Fr. Conceicao Rodrigues College of Engineering

Transducer interfacing (Record no. 19101)

MARC details
000 -LEADER
fixed length control field 00283nam a2200133Ia 4500
082 ## - DEWEY DECIMAL CLASSIFICATION NUMBER
Classification number 629.8
Item number SEI
100 ## - MAIN ENTRY--PERSONAL NAME
Personal name Seippel/Robert G
245 ## - TITLE STATEMENT
Title Transducer interfacing
260 ## - PUBLICATION, DISTRIBUTION, ETC.
Name of publisher, distributor, etc. Prentice Hall
Date of publication, distribution, etc. 1988
300 ## - PHYSICAL DESCRIPTION
Extent 264
546 ## - LANGUAGE NOTE
Language note ENGLISH
654 ## - SUBJECT ADDED ENTRY--FACETED TOPICAL TERMS
Focus term transducer
942 ## - ADDED ENTRY ELEMENTS (KOHA)
Koha item type BOOK
Holdings
Withdrawn status Lost status Damaged status Not for loan Collection Home library Current library Date acquired Total Checkouts Full call number Barcode Date last seen Price effective from Koha item type
        CRC Fr. Agnel's C.Rodrigues College of Engineering Fr. Agnel's C.Rodrigues College of Engineering 17/03/2023   629.8 SEI 14291 17/03/2023 17/03/2023 BOOK